Danh từ hóa học Pháp-Việt

সংরক্ষণ করুন:
গ্রন্থ-পঞ্জীর বিবরন
প্রধান লেখক: Bộ Giáo dục
বিন্যাস: গ্রন্থ
ভাষা:Undetermined
প্রকাশিত: Sài Gòn ủy ban Quốc gia 1971
বিষয়গুলি:
ট্যাগগুলো: ট্যাগ যুক্ত করুন
কোনো ট্যাগ নেই, প্রথমজন হিসাবে ট্যাগ করুন!
Thư viện lưu trữ: Trung tâm Học liệu Trường Đại học Cần Thơ
LEADER 00510nam a2200181Ia 4500
001 CTU_2743
008 210402s9999 xx 000 0 und d
082 |a 540.3 
082 |b D107 
100 |a Bộ Giáo dục 
245 0 |a Danh từ hóa học Pháp-Việt 
245 0 |c Bộ Giáo dục 
260 |a Sài Gòn 
260 |b ủy ban Quốc gia 
260 |c 1971 
650 |a chemistry - terminology 
904 |i Minh, 960829 
980 |a Trung tâm Học liệu Trường Đại học Cần Thơ